[Event "Fafa"]
[Site "http://www.queenalice.com/game.php?id=274521"]
[Date "2007.9.20"]
[Round "-"]
[White "sunflower"]
[Black "valmir"]
[Result "1-0"]
[WhiteElo "1560"]
[BlackElo "1353"]

1. e4 e5 2. Nc3 a5 3. b3 Bc5 4. Bc4 Qh4 5. Qf3 Nh6 6. Nd5 Kd8 7. Bb2 f6 8. c3
Rf8 9. Ne2 d6 10. O-O Ng4 11. h3 Nh6 12. d4 Bb6 13. Nxb6 cxb6 14. dxe5 dxe5 15.
Rfd1+ Ke7 16. Qd3 Nf7 17. Ba3+ Ke8 18. Qd5 Nc6 19. Bxf8 Kxf8 20. Qxf7# 1-0

[Event "Challenge"]
[Site "http://www.queenalice.com/game.php?id=285530"]
[Date "2007.10.12"]
[Round "-"]
[White "sunflower"]
[Black "valmir"]
[Result "1-0"]
[WhiteElo "1597"]
[BlackElo "1399"]

1. e4 e5 2. Nf3 Bc5 3. Nxe5 Nf6 4. Nc3 Qe7 5. f4 h5 6. d4 Bb4 7. Bc4 Nxe4 8.
Bxf7+ Kf8 9. Ng6+ Kxf7 10. Nxe7 Kxe7 11. Qe2 d5 12. O-O Bg4 13. Qb5 Nd6 14. Qxb4
a5 15. Nxd5+ Kd8 16. Qc5 Na6 17. Qxa5 b6 18. Qc3 Rc8 19. Re1 Rf8 20. Qe3 Re8 21.
Qf2 Rf8 22. h3 Bf5 23. Qh4+ Kd7 24. Bd2 Kc6 25. Ne7+ Kb7 26. Nxc8 Kxc8 27. Rac1
Bd7 28. Qxh5 Bb5 29. Qf3 g5 30. Qg4+ Kb7 31. Qxg5 Bc6 32. Rf1 Ne4 33. Qe7 Rg8
34. Rce1 Nxd2 35. Rf2 Nf3+ 36. Kf1 Nd2+ 37. Ke2 Ne4 38. g4 Re8 39. Qa3 Bb5+ 40.
Ke3 Nb8 41. Qb3 Bc6 42. d5 Nf6+ 43. Kd2 Bxd5 44. c4 Bc6 45. Rxe8 Nxe8 46. c5 Nf6
47. Ke1 b5 48. Re2 Nd5 49. a4 b4 50. f5 Nd7 51. g5 Nxc5 52. Qc4 Nxa4 53. f6 Ndb6
54. Qxb4 Bd5 55. Qe7 Kc6 56. Rc2+ Nc5 57. Rxc5+ Kb7 58. Qxc7+ Ka6 59. b4 Na8 60.
b5# 1-0

[Event "ValSan"]
[Site "http://www.queenalice.com/game.php?id=313345"]
[Date "2007.12.1"]
[Round "-"]
[White "sunflower"]
[Black "valmir"]
[Result "1-0"]
[WhiteElo "1608"]
[BlackElo "1418"]

1. Nf3 e6 2. Nc3 h5 3. e4 Nh6 4. d4 a5 5. Ne5 d6 6. Bb5+ c6 7. Bc4 dxe5 8. dxe5
Nd7 9. Qxh5 g6 10. Qf3 b5 11. Bd3 b4 12. Ne2 Bc5 13. Be3 Nxe5 14. Qg3 Bd6 15.
Qh3 Neg4 16. Bxh6 Nxh6 17. a3 b3 18. cxb3 Bc5 19. Rc1 Bb6 20. Rxc6 Rb8 21. Rc3
Qf6 22. O-O Ng8 23. Qf3 Qg7 24. Bb5+ Bd7 25. Bd3 e5 26. Bc4 Nh6 27. Rd3 f5 28.
Rfd1 Rd8 29. a4 Ng4 30. Rd6 Bc5 31. R1d5 Nxh2 32. Qg3 Ng4 33. Rxc5 Qh7 34. Kf1
Nh2+ 35. Ke1 Ng4 36. Qh3 Qg7 37. Qg3 Rh1+ 38. Kd2 Qh6+ 39. Kc2 Re1 40. Rd2 Nf6
41. Qxe5+ Be6 42. Qxe6+ Kf8 43. Rxd8+ Ne8 44. Rxe8+ Kg7 45. Qe7# 1-0

[Event "JustForFun"]
[Site "http://www.queenalice.com/game.php?id=315187"]
[Date "2007.12.5"]
[Round "-"]
[White "sunflower"]
[Black "Sidinei"]
[Result "0-1"]
[WhiteElo "1617"]
[BlackElo "2413"]

1. Nf3 d6 2. Nc3 Be6 3. e4 Nf6 4. Bb5+ Nc6 5. O-O g6 6. Nd4 Bd7 7. Nf3 Bg7 8. d3
Bg4 9. h3 a6 10. Bc4 O-O 11. Re1 Bd7 12. d4 Na5 13. Bd5 e6 14. Bb3 Nxb3 15. axb3
Re8 16. e5 Nd5 17. Bg5 f6 18. exf6 Bxf6 19. Bh6 c6 20. Ne4 Be7 21. h4 Bf8 22.
Bg5 Be7 23. c4 Bxg5 24. hxg5 Rf8 25. cxd5 Rf5 26. Nf6+ Kg7 27. dxe6 Be8 28. Re3
Qe7 29. b4 d5 30. b5 cxb5 31. g3 Bc6 32. Re5 Rxf6 33. gxf6+ Qxf6 34. e7 Re8 35.
Kg2 Bd7 36. Re3 Bf5 37. Ne5 h5 38. Nd3 Qxd4 39. Qd2 h4 40. Qe2 hxg3 41. Rxg3
Be4+ 42. Kh2 Rxe7 43. Rd1 Qf6 44. Rdg1 Qh4+ 45. Rh3 Qxh3+ 46. Kxh3 Bf5+ 0-1

[Event "Challenge"]
[Site "http://www.queenalice.com/game.php?id=326660"]
[Date "2007.12.27"]
[Round "-"]
[White "sunflower"]
[Black "danielsaraujo"]
[Result "0-1"]
[WhiteElo "1617"]
[BlackElo "1526"]

1. e4 c5 2. Nc3 Nc6 3. Bc4 e6 4. Nf3 Bd6 5. O-O Nf6 6. d3 O-O 7. d4 cxd4 8. Nxd4
Ng4 9. Qxg4 Nxd4 10. Qd1 Be5 11. Be3 Qh4 12. f4 Bxf4 13. Bxf4 Nc6 14. a3 a5 15.
Bg3 Qg5 16. Nb5 Qc5+ 17. Bf2 Qxc4 18. Nc7 Rb8 19. Re1 Ne5 20. Ba7 Qxc7 21. Bxb8
Qxb8 22. c3 d5 23. Re2 Ng4 24. h3 Qh2+ 25. Kf1 Qh1# 0-1

[Event "Challenge"]
[Site "http://www.queenalice.com/game.php?id=326663"]
[Date "2007.12.27"]
[Round "-"]
[White "sunflower"]
[Black "fferraz"]
[Result "0-1"]
[WhiteElo "1617"]
[BlackElo "1215"]

1. d4 e6 2. Nf3 Nc6 3. Nc3 Bb4 4. a3 Bxc3+ 5. bxc3 a5 6. Bg5 f6 7. Bf4 e5 8.
dxe5 fxe5 9. Bg5 Nf6 10. e3 d5 11. Rb1 Qd6 12. Ra1 e4 13. Nd4 h6 14. Bf4 Qc5 15.
Qd2 Ng4 16. Bxc7 Nxd4 17. Bf4 Ne6 18. Be2 Nf6 19. Be5 Nd7 20. O-O Nxe5 21. f4
Nc4 22. Qc1 Nxe3 23. Rf2 Rf8 24. g3 Qxc3 25. Bb5+ Bd7 26. a4 Ng4 27. Rd2 Qe3+
28. Kg2 Qf3+ 29. Kh3 Nxf4+ 30. Kh4 g5# 0-1

[Event "Challenge"]
[Site "http://www.queenalice.com/game.php?id=326664"]
[Date "2007.12.27"]
[Round "-"]
[White "sunflower"]
[Black "Vitocknick"]
[Result "0-1"]
[WhiteElo "1597"]
[BlackElo "1375"]

1. d4 d5 2. e3 Nc6 3. Nc3 Bf5 4. Qh5 Qd7 5. e4 dxe4 6. Be3 Nf6 7. Qg5 Ng4 8. Bd2
Nxd4 9. O-O-O Nxf2 10. h3 Nxh1 11. g4 Nf2 12. Re1 Nf3 13. Re2 Nxg5 14. Rxf2 e3
15. Bxe3 Ne4 16. Rxf5 O-O-O 17. Nxe4 Qd1# 0-1

[Event "Challenge"]
[Site "http://www.queenalice.com/game.php?id=326665"]
[Date "2007.12.27"]
[Round "-"]
[White "valmir"]
[Black "sunflower"]
[Result "1-0"]
[WhiteElo "1407"]
[BlackElo "1572"]

1. e4 e5 2. Qh5 Nc6 3. Bc4 Qe7 4. h4 Nf6 5. Qf3 Nd4 6. Qd3 d5 7. exd5 Qc5 8. c3
Qxc4 9. Qxc4 Bd6 10. cxd4 O-O 11. Nf3 c6 12. dxc6 Be6 13. Qd3 bxc6 14. h5 c5 15.
Rh4 c4 16. Qc2 Bd5 17. Ng5 g6 18. hxg6 fxg6 19. Qc3 Ne4 20. Nxe4 Be7 21. Rh3
Bxe4 22. Qxc4+ Rf7 23. d3 Bxg2 24. Rh2 Rc8 25. Qxc8+ Rf8 26. Qe6+ Rf7 27. Rxg2
Kg7 28. Rh2 Rf6 29. Qxe7+ Rf7 30. Bh6+ Kh8 31. Qe8+ Rf8 32. Qxf8# 1-0

[Event "Challenge"]
[Site "http://www.queenalice.com/game.php?id=592163"]
[Date "2009.5.22"]
[Round "-"]
[White "sunflower"]
[Black "ciceroeduardo"]
[Result "0-1"]
[WhiteElo "1551"]
[BlackElo "1539"]

1. Nc3 e5 2. Nf3 Nc6 3. e4 Nf6 4. d3 d6 5. d4 Bg4 6. d5 Nd4 7. Qd3 Qd7 8. Qb5
Nxb5 9. Nxe5 dxe5 10. Bxb5 c6 11. Bc4 Bc5 12. O-O b5 13. Be2 Bxe2 14. Nxe2 Nxe4
15. dxc6 Qxc6 16. Be3 Bxe3 17. fxe3 Qxc2 18. Rfe1 Qxb2 19. Nc1 Qf2+ 20. Kh1
Qxe1# 0-1

[Event "Challenge"]
[Site "http://www.queenalice.com/game.php?id=592164"]
[Date "2009.5.22"]
[Round "-"]
[White "sunflower"]
[Black "leandrodaquimica"]
[Result "1-0"]
[WhiteElo "1506"]
[BlackElo "1453"]

1. e4 d5 2. exd5 Qxd5 3. Nc3 Qe6+ 4. Nge2 Nc6 5. d3 Nf6 6. Bf4 Ng4 7. Ne4 f5 8.
Ng5 Qd5 9. Bxc7 Nb4 10. Qd2 Qc5 11. Nc3 h6 12. Nh3 Qxc7 13. a3 Nc6 14. g3 Nd4
15. O-O-O e5 16. Bg2 e4 17. Rde1 Be6 18. dxe4 Qc5 19. Nf4 Bb3 20. exf5+ Be7 21.
Ng6 Nxc2 22. Rxe7+ Qxe7 23. Nxe7 Kxe7 24. Bd5 Bxd5 25. Nxd5+ Kd6 26. f6 Rad8 27.
Kxc2 Ke6 28. Qe2+ Kxd5 29. Rd1+ Kc6 30. Qxg4 gxf6 31. Qc4+ Kb6 32. a4 Rc8 33.
Rd6+ Rc6 34. a5+ Kc7 35. Rxc6+ bxc6 36. Qf7+ Kc8 37. Qxa7 Rd8 38. a6 Rd7 39.
Qa8+ Kc7 40. a7 Rd8 41. Qxd8+ Kxd8 42. a8=Q+ 1-0

[Event "Challenge"]
[Site "http://www.queenalice.com/game.php?id=615764"]
[Date "2009.7.9"]
[Round "-"]
[White "sunflower"]
[Black "H_express"]
[Result "0-1"]
[WhiteElo "1516"]
[BlackElo "1518"]

1. e4 c5 2. Nc3 e6 3. b3 Nc6 4. Ba3 a6 5. Nf3 b5 6. e5 b4 7. Bb2 bxc3 8. dxc3
Nh6 9. Qd3 a5 10. O-O-O Ba6 11. c4 Ra7 12. a3 d5 13. cxd5 Bxd3 14. Bxd3 exd5 15.
Bb5 Rc7 16. Rhe1 Be7 17. c4 O-O 18. cxd5 Na7 19. a4 Rb7 20. Bc4 Bg5+ 21. Nxg5
Qxg5+ 22. Rd2 Qxg2 23. f4 Qg4 24. Be2 Qxf4 25. Ba3 Rd8 26. Bb2 Rxd5 27. Rd1 Rbd7
28. Kb1 Rxd2 0-1

[Event "AUTO-OPEN-1614"]
[Site "http://www.queenalice.com/game.php?id=615790"]
[Date "2009.7.9"]
[Round "1"]
[White "Football_rules"]
[Black "sunflower"]
[Result "1-0"]
[WhiteElo "1595"]
[BlackElo "1507"]

1. e4 e5 2. d3 Bb4+ 3. c3 Bc5 4. Nf3 d6 5. Nbd2 f6 6. Qa4+ Bd7 7. Qb3 b6 8. Qd5
c6 9. Qb3 Ne7 10. Be2 Ng6 11. g3 Bg4 12. a3 d5 13. c4 O-O 14. cxd5 Ne7 15. O-O
Bh3 16. Re1 f5 17. d6+ Nd5 18. exd5 Qxd6 19. dxc6+ Kh8 20. Qb5 Re8 21. c7 Nc6
22. Ng5 Qxc7 23. Nc4 a6 24. Qb3 Bg4 25. Bxg4 fxg4 26. Bd2 b5 27. Ne3 Nd4 28.
Nf7+ Kg8 29. Qd5 Nf3+ 30. Kf1 Nxe1 31. Kxe1 Qxf7 32. Qxc5 Qf3 33. Bc3 Qh1+ 34.
Nf1 e4 35. Qd5+ Kh8 36. Kd2 Rg8 37. Bxg7+ Kxg7 38. Qe5+ Kf8 39. Re1 Qg2 40. Ne3
Qxf2+ 41. Re2 Qf3 42. Ke1 Rd8 43. Rf2 Rxd3 44. Rxf3+ gxf3 45. Qxe4 1-0

[Event "AUTO-OPEN-1614"]
[Site "http://www.queenalice.com/game.php?id=615791"]
[Date "2009.7.9"]
[Round "1"]
[White "sunflower"]
[Black "Football_rules"]
[Result "0-1"]
[WhiteElo "1520"]
[BlackElo "1584"]

1. e4 e5 2. Nf3 f6 3. d3 d6 4. d4 c6 5. dxe5 fxe5 6. Bg5 Be7 7. Nbd2 h6 8. Bh4
Qb6 9. b3 Nf6 10. c3 g5 11. Nc4 Qc7 12. Bg3 Be6 13. Bd3 Nbd7 14. O-O O-O-O 15.
Qc2 a6 16. Rfc1 Kb8 17. a4 Rdg8 18. Be2 g4 19. Nh4 h5 20. Rd1 Nc5 21. f3 Qd8 22.
Rd2 gxf3 23. Bxf3 d5 24. Bxe5+ Ka7 25. b4 Ncd7 26. Bd4+ Ka8 27. e5 Ng4 28. Ng6
Rh7 29. Be4 dxe4 30. Nxe7 Qxe7 31. Qxe4 Rhg7 32. Qd3 Qh4 33. h3 Bxc4 34. Qxc4
Ngxe5 35. Qe6 Nf3+ 36. Kh1 Nxd2 37. Bxg7 Rxg7 38. b5 Qf2 39. Qe8+ Ka7 40. Rg1
Nf3 0-1

[Event "AUTO-OPEN-1614"]
[Site "http://www.queenalice.com/game.php?id=615816"]
[Date "2009.7.9"]
[Round "1"]
[White "sunflower"]
[Black "filipe_carlos_panice"]
[Result "1-0"]
[WhiteElo "1503"]
[BlackElo "1167"]

1. Nc3 d5 2. e3 e5 3. Bb5+ Bd7 4. Nf3 e4 5. Ne5 Bxb5 6. Nxb5 Nc6 7. Nxc6 Qd7 8.
Ncd4 c5 9. a4 cxd4 10. O-O a6 11. Nxd4 Bd6 12. c3 Qe7 13. Qb3 Qg5 14. Qxb7 1-0

[Event "AUTO-OPEN-1614"]
[Site "http://www.queenalice.com/game.php?id=615817"]
[Date "2009.7.9"]
[Round "1"]
[White "filipe_carlos_panice"]
[Black "sunflower"]
[Result "0-1"]
[WhiteElo "1170"]
[BlackElo "1500"]

1. e4 e5 2. Nf3 Nc6 3. Nc3 Nd4 4. Nxe5 Qe7 5. f4 d6 6. Nd5 Qd8 7. c3 dxe5 8.
fxe5 Nc6 9. Bc4 f6 10. exf6 gxf6 11. Qf3 Ne5 0-1

[Event "AUTO-OPEN-1614"]
[Site "http://www.queenalice.com/game.php?id=615818"]
[Date "2009.7.9"]
[Round "1"]
[White "sunflower"]
[Black "Jomaley"]
[Result "1-0"]
[WhiteElo "1497"]
[BlackElo "1405"]

1. Nf3 f6 2. e4 d6 3. b3 Nc6 4. d4 Bg4 5. d5 Bxf3 6. Qxf3 g5 7. dxc6 bxc6 8.
Qh5+ Kd7 9. Qg4+ Ke8 10. h4 gxh4 11. Qh5+ Kd7 12. Ba6 c5 13. Qxh4 h5 14. g4 Bg7
15. gxh5 Bh6 16. Nd2 Bxd2+ 17. Bxd2 Nh6 18. O-O-O c4 19. Bxc4 a5 20. Bd5 Ra6 21.
b4 axb4 22. Qh3+ Ke8 23. Bxb4 Rg8 24. Bxg8 Nxg8 25. Kb1 Ra4 26. Qb3 Ra6 27.
Qxg8+ Kd7 28. Qg4+ Ke8 29. h6 Ra4 30. c3 c5 31. Qg8+ Kd7 32. Qxd8+ Kxd8 33. h7
Rxb4+ 34. cxb4 cxb4 35. h8=Q+ Kd7 36. e5 fxe5 37. Qb8 Ke6 38. Qc8+ Kf7 39. Qf5+
Ke8 40. Rh8# 1-0

[Event "AUTO-OPEN-1614"]
[Site "http://www.queenalice.com/game.php?id=615819"]
[Date "2009.7.9"]
[Round "1"]
[White "Jomaley"]
[Black "sunflower"]
[Result "1-0"]
[WhiteElo "1348"]
[BlackElo "1509"]

1. Nf3 c5 2. c4 g6 3. Ng5 Bh6 4. f4 Nf6 5. Nc3 Ng4 6. d3 O-O 7. h3 Ne3 8. Bxe3
b6 9. d4 Ba6 10. b3 Nc6 11. Nd5 e5 12. dxe5 Bxg5 13. fxg5 d6 14. a4 dxe5 15. g4
Nb4 16. Nxb4 cxb4 17. Qxd8 Raxd8 18. h4 Rc8 19. h5 Bxc4 20. bxc4 Rxc4 21. a5
Rxg4 22. hxg6 fxg6 23. axb6 axb6 24. Bxb6 Rxg5 25. Bc5 Rb8 26. Ra7 Rh5 27. Rg1
Rf5 28. Re7 e4 29. Ba7 Rbf8 30. Rxe4 b3 31. Rb4 R8f7 32. Be3 Re5 33. Rxb3 Rfe7
34. Bf4 Rf5 35. Bd6 Ref7 36. Bh3 R5f6 37. Bb8 Rc6 38. Rb1 Re7 39. Rg5 Rc2 40.
Bg4 Kg7 41. Kd1 h6 42. Rd5 h5 43. Bf3 h4 44. Rg5 Ra2 45. Bh5 Raxe2 46. Bxe2 h3
47. Rb6 Rf7 48. Rbxg6+ Kf8 49. Bd6+ Ke8 50. Rg8+ Kd7 51. R5g6 Kc6 52. Bg4 Rh7
53. Ba3+ Kd5 54. Rd8+ Kc4 55. Rc6+ Kb3 56. Rb8+ Ka2 57. Ra6 Rf7 58. Be7# 1-0